000 02585nam0a2200385 4500
001 RU\NLR\BIBL_A\021975983
005 20230821120916.0
010 _a978-5-9967-2798-8
_9100
021 _aRU
_bКН-П-23-035586
_9КН-П-23-3523
035 _a(NLR Aleph) 021975983
035 _a(RuMoRGB)011826268
090 _a12380970
_c12380970
100 _a20230706d2023 u y0rusy50 ca
101 0 _arus
102 _aRU
105 _a |||j|||000zy
181 0 _ai3
_baxxe
182 0 _an
200 1 _aНейрогимнастика как средство коррекционной работы с детьми с нарушением зрения
_eучебно-методическое пособие
_eдля обучающихся по направлению подготовки 44.03.03 "Специальное (дефектологическое) образование" заочной и очной форм обучения
_fД. А. Ейкель, Е. Л. Мицан
_gМинистерство науки и высшего образования Российской Федерации, Федеральное государственное бюджетное образовательное учреждение высшего образования "Магнитогорский государственный технический университет им. Г. И. Носова"
203 _aТекст
_bвизуальный
_cнепосредственный
210 _aМагнитогорск
_cИздательский центр ФГБОУ ВО "МГТУ им. Г.И. Носова"
_d2023
215 _a46 с.
_cил., табл.
_d20
320 _aБиблиогр.: с. 40 (8 назв.)
606 1 _aДети с нарушением зрения
_jУчебно-методические пособия для высших учебных заведений
_xКоррекционно-развивающее обучение
_92221832
_3RU\NLR\AUTH\6601567201
610 0 _aгимнастика для дошкольников
610 0 _aфизическое воспитание лиц с нарушением зрения
610 0 _aслабовидящие дети - физическое воспитание
675 _a376.1-056.262(075.8)
_v4
686 1 _aЧ433.122.1я73
700 1 _aЕйкель
_bД. А.
_gДарья Алексеевна
701 1 _aМицан
_bЕ. Л.
_gЕлена Леонидовна
942 _cBOOK
980 _aNB